000 00541nam a2200193Ia 4500
003 OSt
005 20221007082659.0
006 a|||||r|||| 00| 0
007 ta
008 221006b |||||||| |||| 00| 0 eng d
024 _a22,688
037 _cDissertations
040 _aFLL
_cFLL
_beng
041 _2eng
_aeng
100 _aBista Arun Kumar
_9699218
245 0 _aInfluence of American constitutionalism on the constitution of the kingdom of Nepal, 1990
942 _cDIS
_2CC
999 _c1167348
_d1167348